000
00285nam a2200109Ia 4500
008
231120s2018 xx 000 0 und d
041
_a
eng
100
_a
JULIE KING
245
_a
THE PAINT PAD ARTIST: WATERCOLOUR FLOWERS
260
_a
SEARCH PRESS
_b
SEARCH PRESS
_c
2018
300
_a
H-96
999
_c
933451
_d
933451